[Event "Jerusalem FIDE GP"]
[Site "Jerusalem"]
[Date "2019.12.15"]
[Round "2.2"]
[White "Navara, David"]
[Black "Jakovenko, Dmitrij"]
[Result "1-0"]
[WhiteElo "2707"]
[BlackElo "2698"]
[Annotator "Navara,D"]
[PlyCount "73"]
[EventDate "2019.12.11"]
[EventType "k.o."]
[EventRounds "4"]
[EventCountry "ISR"]
[SourceTitle "CBM 194"]
[Source "ChessBase"]
[SourceDate "2020.01.27"]
[SourceVersion "1"]
[SourceVersionDate "2020.01.27"]
[SourceQuality "1"]

{This was the 2nd game of the second round. Dmitry had eliminated Shakhriyar
Mamedyarov in the 1st round.} 1. c4 {On the previous day, all the four games
finished in quick draws. This also contributed to my decision to play
something less forcing to avoid a theoretical draw and show respect to the
audience.} c5 2. Nf3 Nf6 3. Nc3 Nc6 {This came as a surprise, as I had
expected 3...d5 or 3...e6.} 4. d4 {Now Dmitry looked surprised.} ({Given that
I had also played} 4. g3 {several times, I thought that he might have expected
that move.}) 4... cxd4 5. Nxd4 g6 {There is nothing wrong with this move, but}
(5... e6 {is considered the principal continuation.}) 6. e4 {We have
surprisingly reached the Sicilian Maroczy through an unusual move order.} ({
While} 6. g3 {is equally good, I was afraid of falling into my opponent's
preparation.}) 6... Nxd4 7. Qxd4 d6 {Here I spent a lot of time to choose how
to continue. I had seen some interesting ideas before, but needed to decide
between them, preferably not confusing the move order.} 8. Be3 Bg7 9. f3 O-O
10. Qd2 Be6 11. Rc1 Qa5 12. b3 Rfc8 13. g4 $5 {This move was first played by
the Polish IM Piotr Nguyen earlier this year, but I only knew it from a later
game Michalik - Guseinov from the European Team Championship 2019. Given that
Peter Michalik was my team-mate in Batumi, I was naturally aware of his game.}
({After} 13. Be2 a6 14. Na4 Qxd2+ 15. Kxd2 Nd7 16. g4 f5 {Black generates
counterplay and probably equalizes with accurate play.}) 13... a6 {I am not
sure if this is the best way to prepare the b7-b5 advance, but it looks very
logical.} 14. Na4 $1 Qxd2+ 15. Kxd2 Nd7 {Now 16.Be2 transposes to the previous
note, but White also has additional options.} 16. Rg1 $6 {This is not the best
way to prevent the f7-f5 advance.} ({Peter Michalik chose} 16. h4 $1 {. I did
not remember which of those two moves he played and was uncertain about} f5 $2
17. gxf5 gxf5 18. Bh3 Rf8 $6 {. That said, White is winning material after} 19.
Rcg1 $1 Kh8 20. Rxg7 $1 Kxg7 21. Rg1+ $1 {. I had already won a game against
GM Vojtech Plat in a similar way several years ago. He was neither the first
nor the last one to fall into that trap.}) 16... Rc6 ({Computer suggests a
surpising continuation:} 16... Rcb8 $1 {with the idea} 17. Nc3 b5 $1 {. Black
is only marginally worse after} 18. Nd5 Bxd5 ({Black can even consider} 18...
Ne5 $5 19. Be2 bxc4 20. Nc7 c3+ $5 {, when} 21. Rxc3 $2 ({I am too busy and
too lazy to analyze} 21. Kd1 {in detail, but} d5 $5 {looks interesting, e.g.}
22. Nxa8 Rxa8 23. f4 $1 d4 $1 24. fxe5 dxe3 25. Rxc3 Bxe5 26. Rxe3 Bd4 {
when Black should be able to maintain equality. Anyway, this line has nothing
in common with my game.}) {fails to} 21... Nxf3+ $1 22. Bxf3 Bxc3+ 23. Kxc3 Rc8
24. Bb6 Rab8 25. Ba5 Rb5 26. b4 Rxa5 27. bxa5 Rxc7+ $19 {.}) 19. cxd5 Nc5 $1 {
, as} 20. Bxc5 $6 dxc5 21. Rxc5 $4 {loses a whole rook to} Bd4 $1 {.}) 17. Be2
Kh8 $2 ({Black was probably reluctant to play} 17... Nc5 18. Nxc5 dxc5 {
, but the game continuation was no better.}) 18. f4 {White is threatening 19.
f5.} Nc5 (18... f5 19. exf5 gxf5 {is bad for Black,} 20. g5 $1 (20. Bf3 $6 fxg4
21. Bxc6 bxc6 {is only slightly better for White.}) 20... d5 21. Bf3 $1 $16 {
being probably the strongest reply. White has many promising options and I
dare not guess which one would I choose.}) 19. Nxc5 dxc5 20. Bf3 $6 ({The
computer likes} 20. Kc2 $5 {, but I was afraid of the b7-b5 advance.}) 20...
Rc7 $2 ({Perhaps Black should have tried} 20... Rd8+ 21. Ke2 Bd4 $1 $14 {
to liberate his cramped position by exchanging some pieces.}) 21. Ke2 b5 22. e5
Rac8 23. Bd5 $1 {White is threatening 24.Bxe6 fxe6 25.g5, locking the
g7-bishop forever.} Bxd5 ({I intended to meet} 23... g5 {with} 24. Bxe6 fxe6
25. h4 $5 {to keep the g7-bishop out of play. I have a funny story on such a
poor bishop based on my game from 2011, but it is not suitable for publication.
}) 24. cxd5 {Around this moment I realized that the position resembles a
misplayed Grünfeld, an opening with which I have had an ample experience from
Black's side.} g5 {This move has been condemned by numerous annotators, but I
consider it a sensible attempt to complicate a strategically lost position.} ({
Black's bishop would remain out of play after} 24... c4 25. bxc4 bxc4 26. g5 $1
$18 {. White might then play 27.Rgd1 to support the d-pawn while attacking the
c-pawn at the same time.}) 25. d6 exd6 26. exd6 Rd7 ({White would be a clear
pawn up after} 26... Rc6 27. d7 Rd8 28. Rxc5 (28. Rgd1 $1 {is even stronger.})
28... Rxc5 29. Bxc5 Rxd7 30. fxg5 {, with excellent winning chances.}) 27. Bxc5
$1 ({I was careful enough to discard} 27. Rxc5 $2 Re8 $1 28. Rgc1 Rxd6 29. Rc8
Rde6 $1 30. Rxe8+ Rxe8 {, when the threat of 31...Bd4 allows Black to avoid
the worst.}) 27... gxf4 28. Kf3 Kg8 {Black would like to put his bishop on e5.}
({I wanted to meet} 28... Be5 {by} 29. Bd4 $1 Re8 30. Rge1 f6 31. Bxe5 fxe5 32.
Rc6 Kg7 33. Rc7 $1 {, when White is winning. That said, numerous ways lead to
Rome (or Jerusalem?) starting from move 30.}) 29. Bb4 $1 Rcd8 ({White also
remains in charge after} 29... Rxc1 30. Rxc1 Be5 31. Rc6 ({or} 31. Rd1 $18 {
with a subsequent king march to d5.})) 30. Rge1 Bf8 31. Rc7 f6 ({Black loses
material after} 31... Bxd6 32. Rxd7 Rxd7 33. Rd1 $1 $18 {.}) 32. Rd1 ({White
ought to avoid} 32. Kxf4 $2 Rxd6 $1 $11 {. I was lucky to spot this trap in
time.}) 32... Kf7 33. Kxf4 ({I wanted to avoid} 33. Rxd7+ $6 Rxd7 34. Kxf4 a5
$1 {, when} 35. Bc5 $6 ({White is actually easily winning after} 35. Bxa5 $1
Rxd6 36. Rxd6 $1 Bxd6+ 37. Kf5 Bxh2 {, when any sensible move suffices, e.g.}
38. a4 $5 ({,} 38. Bc3) ({or} 38. Bb6 {. That said, there was no need to
explore this ending, as the game continuation is simpler.})) 35... Ke6 36. Re1+
Kd5 {gives Black some chances.}) 33... Rxc7 {To be honest, I missed this idea,
but it did not really matter.} ({White is winning after} 33... Bxd6+ 34. Rxd6
Rxc7 35. Rxd8) ({and the inclusion of} 33... a5 34. Bxa5 {changes nothing.})
34. dxc7 Rxd1 35. c8=Q Bxb4 36. Qxa6 Bd6+ 37. Kf3 {and Black resigned in view.
This was my first win over Dmitry Jakovenko. It was apparently not his day,
but I am happy to have played quite a good game.} ({To put up a fortress,
Black would have to play} 37. Kf3 b4 {, but then} 38. Ke2 {wins material, e.g.}
Rd5 (38... Rd4 39. Qa7+ $18) 39. Qc4 Ke6 40. Kf3 Ke5 41. Qe4# {.}) 1-0

[Event "EU-chT (Men) 19th"]
[Site "Warsaw"]
[Date "2013.11.16"]
[Round "8.2"]
[White "Kotronias, Vasilios"]
[Black "Mamedov, Rauf"]
[Result "0-1"]
[WhiteElo "2564"]
[BlackElo "2647"]
[Annotator "Postny,E"]
[PlyCount "138"]
[EventDate "2013.11.08"]
[EventType "team-swiss"]
[EventRounds "9"]
[EventCountry "POL"]
[SourceTitle "CBM 158"]
[Source "ChessBase"]
[SourceDate "2014.01.16"]
[SourceVersion "1"]
[SourceVersionDate "2014.01.16"]
[SourceQuality "1"]
[WhiteTeam "Greece"]
[BlackTeam "Azerbaijan"]
[WhiteTeamCountry "GRE"]
[BlackTeamCountry "AZE"]

1. e4 c5 2. Nf3 Nc6 3. d4 cxd4 4. Nxd4 g6 {The Accelerated "Dragon" is a
speciality of Rauf Mamedov as well as of his team mate Gadir Guseinov.} 5. c4 {
Vasilios Kotronias chooses the most solid Maroczy system.} Nf6 6. Nc3 d6 7. Be2
Nxd4 8. Qxd4 Bg7 9. Bg5 {I personally prefer to put the bishop on e3, but it's
rather a matter of taste.} O-O 10. Qd2 Be6 11. Rc1 a5 {A typical idea, but
quite rare in this particular position. On a high level 11...Qa5 is usually
played without hesitation.} (11... Qa5 12. f3 Rfc8 13. b3 a6 14. Na4 (14. Nd5
Qxd2+ 15. Kxd2 Nxd5 16. cxd5 Bd7 17. g4 Kf8 $11 {1/2-1/2 (70) Filippov,A (2637)
-Guseinov,G (2616) Tashkent 2012}) 14... Qxd2+ 15. Kxd2 Nd7 16. g4 f6 17. Be3
f5 18. exf5 gxf5 19. h3 Rf8 20. f4 Nf6 21. Rhg1 Rad8 22. Bb6 Rc8 23. Bf3 $14 {
1-0 (47) Kotronias,V (2573)-Tiviakov,S (2635) Catalan Bay 2003}) 12. f3 a4 13.
Rc2 (13. O-O Qa5 14. Nd5 Qxd2 15. Nxe7+ Kh8 16. Bxd2 Rfe8 17. Nd5 Nxd5 18. cxd5
Bxd5 19. Bb5 Re5 $11 {1/2-1/2 (38) Balogh,C (2559)-Guseinov,G (2625) Plovdiv
2008}) 13... Nd7 $146 {This logical move hasn't appeared beforehand, simply
because only a few games had reached this position.} (13... Qd7 14. O-O Rfc8
15. Rfc1 Qd8 16. Nb5 Nd7 17. Kh1 Nc5 18. Qe3 Qf8 19. Rd2 $2 (19. Rd1 {keeps a
slight edge for White.}) 19... Bd7 20. Nc3 Ne6 21. Nd5 Nxg5 22. Qxg5 Bh6 23.
Qxe7 Bxd2 24. Rd1 Be6 25. Qxf8+ Kxf8 26. Rxd2 $17 {1/2-1/2 (105) Xiu,D (2508)
-Hou,Y (2602) Xinghua Jiangsu 2011}) (13... Qa5 14. Nd5 Qxd2+ 15. Kxd2 $14 {
is the point of delaying the castling.}) 14. Nb5 $6 {I don't think it's the
best square for the knight, I think it belongs to the central d5-square.} (14.
O-O Ne5 15. Nd5 Nc6 16. Be3 {would keep the slight pressure for White -
typical for this system.}) 14... Ne5 15. O-O Nc6 16. Rd1 (16. f4 {could make
the matters more sharp, but, objectively White is not better. For instance:} f5
17. Bd3 fxe4 18. Bxe4 Qb6+ 19. Kh1 h6 20. Bh4 (20. Qe2 hxg5 21. Bxc6 bxc6 22.
Qxe6+ Kh7 23. Qh3+ Kg8 $11) 20... Bxc4 21. Rxc4 Qxb5 22. Qd5+ Qxd5 23. Bxd5+
Kh7 24. Bxc6 bxc6 25. Bxe7 Rfb8 26. Bxd6 Rxb2 27. a3 $11) 16... Qa5 17. Qxa5
Rxa5 $11 18. Bf1 Rc8 {All Black's pieces are well placed. White can't make use
of his space advantage, in fact he already has to be slghtly careful.} 19. Bd2
Raa8 20. Bc3 Bh6 $1 {A good practical decision, keeping more pieces on the
board.} (20... Na5 21. Bxg7 Kxg7 22. Rdc1 $11) 21. b3 (21. Kf2 Na5 22. Bxa5
Rxa5 23. Nc3 b5 $1 24. Nd5 (24. cxb5 $2 Bxa2) 24... Kf8 $15) 21... Be3+ 22. Kh1
Bc5 23. g3 Bd7 24. Rb2 Be6 {Sort of a silent draw offer.} 25. Kg2 {White
decided not to repeat the position.} Bb6 26. Be2 Ra6 27. b4 a3 28. Rb3 Ra4 29.
Rxa3 $6 {This leads to the exchange of both a-pawns, which is in Black's
favour.} (29. Rc1 {would keep the balance.}) 29... Rxa3 30. Nxa3 Ra8 31. Nb5
Rxa2 32. Rd2 Ra4 {Black's rook is very active now and controls the only open
file.} 33. Bd1 Ra8 34. Be2 Be3 35. Rc2 Ra4 36. Nc7 $2 {White is on the
defensive, but there was still no reason to panic.} (36. Rb2 Ra1 {threatening
mate in one.} 37. h3 $15) 36... Nxb4 37. Bxb4 (37. Rb2 Na2 $17) 37... Rxb4 38.
Nxe6 fxe6 39. f4 Kf7 {Probably Kotronias believed that he would manage to make
a draw somehow thanks to the opposite coloured bishops. However, as long as
the rooks are on the board, White's task is difficult.} 40. Ra2 Kf6 $6 (40...
Bd4 {was better, followed by e6-e5, getting rid of the doubled pawn.}) 41. Ra5
{Threatening 42.Rb5 to swap the rooks, so Black doesn't have time to play
Be3-d4 to prevent the e4-e5 advance.} b6 42. e5+ Kf7 43. Ra8 {Now White's
chances for a draw are reasonably high, as Black's king is stuck.} dxe5 44.
fxe5 Rb2 45. Kf1 Bc5 46. Rd8 Ra2 47. h4 h5 48. Rd3 Kg7 49. Rd8 (49. g4 $6 hxg4
50. Bxg4 Rf2+ 51. Ke1 Rf4 52. Bxe6 Rxh4 {would exchange a lot of pawns, but
allow Black a passed pawn.}) 49... Bb4 50. Rb8 Bc5 51. Rd8 Rc2 {Moving here
and there, Black is looking for chances.} 52. Rd7 Rc3 53. Bd3 Rc1+ 54. Ke2 Rh1
55. Be4 $6 (55. Kf3 Rh2 56. Rd8 $15) 55... Rh2+ {Now White's king has to go
backwards, which is already suspect.} 56. Kf1 Rf2+ 57. Ke1 Ra2 58. Kf1 Ra5 59.
Bc6 $2 {The Greek grandmaster got tired and lost concentration. The bishop
should cover the third rank instead.} (59. Bd3 Bb4 60. Rb7 Rxe5 61. Rxb6 Be1
62. g4 $1 hxg4 63. Rb5 Re3 64. Rg5 Rxd3 65. Kxe1 Rd4 66. h5 Kh6 67. Rxg6+ Kxh5
68. Rxe6 Rxc4 69. Kf2 $1 {and it's a draw. Not a forced line, of course, but
quite illustrative.}) 59... Ra3 60. Kg2 Re3 {Winning a second pawn.} 61. Rd2
Rxe5 62. Bf3 Re1 63. Re2 Rg1+ 64. Kh2 Kf6 65. Rc2 Re1 66. Re2 Rc1 67. Re4 Rc2+
68. Kh3 Bd6 69. Be2 $2 {The final mistake in a bad position.} Rc3 {[%csl Rg3]}
0-1

[Event "Selfoss Milk Masters 2nd"]
[Site "Selfoss"]
[Date "2003.10.29"]
[Round "1"]
[White "Rowson, Jonathan"]
[Black "Malakhov, Vladimir"]
[Result "0-1"]
[WhiteElo "2541"]
[BlackElo "2696"]
[Annotator "Postny,E"]
[PlyCount "74"]
[EventDate "2003.10.29"]
[EventType "tourn"]
[EventRounds "9"]
[EventCountry "ISL"]
[EventCategory "15"]
[SourceTitle "CBM 098"]
[Source "ChessBase"]
[SourceDate "2004.02.03"]
[SourceVersion "1"]
[SourceVersionDate "2004.02.03"]
[SourceQuality "1"]

1. e4 c5 2. Nf3 Nc6 3. d4 cxd4 4. Nxd4 g6 5. c4 Nf6 6. Nc3 d6 7. Be2 Nxd4 8.
Qxd4 Bg7 9. Be3 ({Another common move is} 9. Bg5) 9... O-O 10. Qd2 Be6 11. O-O
Qa5 12. Rab1 ({Possible is} 12. Rac1 {, but the move in the text is more
popular on the high level.}) 12... Rfc8 13. b3 Ng4 (13... b5 $6 {- see the
commented game Gruenfeld,Y-Perelshteyn,E/New York 2001/CBM 84 [Tsesarsky]}) ({
Another popular continuation is} 13... a6) 14. Nd5 (14. Bd4 Bxd4 15. Qxd4 {
- see the annotated game Dolmatov,S-Maherramzade,J/Ubeda 2000/CBM 75 (Alterman,
B]}) 14... Qxd2 15. Bxd2 {White seems to have small, but long-lasting
advantage in the endgame.} Kf8 (15... Bxd5 16. exd5 Nf6 17. Bd3 Nd7 18. Rfe1
Kf8 19. Bf1 a5 20. Bg5 Bf6 21. Bh6+ Kg8 22. g3 Rc7 23. h4 Re8 24. Re2 Ne5 25.
Bh3 a4 26. Be3 $14 {1/2-1/2 Motylev,A-Macieja,B/Bermuda 2003 (87)}) 16. Bg5
Bxd5 (16... Nf6 17. Nxf6 Bxf6 18. Bxf6 exf6 19. Rfd1 Ke7 20. f4 a5 21. Rd4 Rc5
22. Kf2 h6 23. Ke3 $14 {1/2-1/2 Adams,M-Alterman,B/Elista 1998/CBM 66 ext (43)}
) 17. exd5 Nf6 18. Bd3 (18. Rfe1 h6 19. Bh4 Rc7 20. f3 g5 21. Bf2 b5 22. Rbd1
b4 23. c5 Rxc5 24. Bxc5 dxc5 25. d6 e6 26. Bb5 Rd8 27. Kf1 Nh5 $44 {1/2-1/2
Nunn,J-Pigusov,E/Reykjavik 1999/EXT 2000 (80)}) 18... h6 $146 (18... Nd7 19.
Rfe1 Bf6 20. Bh6+ Kg8 21. Bd2 a5 22. a4 Re8 23. Rbd1 Nc5 24. Bc2 b6 $11 {
1/2-1/2 Nikcevic,N-Velimirovic,D/Vrnjacka Banja 1999/EXT 2000 (37)}) (18... Rc7
19. Rfe1 Re8 20. Be3 Nd7 21. f4 Nc5 22. Bc2 e6 $11 {1/2-1/2 Nikcevic,
N-Velimirovic,D/Vrnjacka Banja 1998/EXT 2002 (27)}) 19. Bd2 Nd7 20. Rfe1 a5 21.
Rbc1 $6 ({White should fix the queenside by} 21. a4 $1 $14 {Afterwards, white
can try to get an active play on the kingside.}) 21... Rc7 $6 ({Why not} 21...
a4 {?}) 22. f4 $2 ({Again it was much better to play} 22. a4 $1) 22... Bd4+ 23.
Kf1 a4 $36 24. b4 {[%csl Rc4] This move weakens the c4 pawn, but in other case
black will use the "a" file to develop the initiative.} Rac8 25. Re4 $2 {
The decisive mistake.} ({The right move was:} 25. Rc2 a3 $5 (25... b5 $6 26.
Rec1 bxc4 (26... Nb6 $6 27. cxb5 Nxd5 28. Rc6) 27. Rxc4 Rxc4 28. Rxc4 Rxc4 29.
Bxc4 Nb6 30. Bb5 Nxd5 31. Bxa4 $14) 26. Bc1 Bb2 27. Be3 b5 28. c5 dxc5 29. bxc5
Nxc5 30. Bxb5 $11) 25... Bb2 $1 26. Rc2 a3 27. Bc3 (27. Be3 Nf6 {[%csl Re4]}
28. Bb6 Nxe4 29. Bxc7 Nc3 $19 {[%csl Ra2,Ga3]}) 27... Nb6 28. Bxb2 axb2 29.
Rxb2 Nxc4 {Despite the material balance, white's position is lost, he has
weaknesses all around, while black's rooks control the most important file.}
30. Rf2 Nb6 31. Rd4 (31. f5 Rc1+ 32. Re1 R8c3 33. Rxc1 Rxc1+ 34. Ke2 Ra1 $19)
31... Rc1+ 32. Ke2 Ra8 33. Ke3 Ra3 {Black's pieces are totally dominating.
White is not able to hold this position.} 34. g4 Nc4+ 35. Ke2 Rxa2+ 36. Kf3 Ra3
37. Kg2 Ne3+ (37... Ne3+ 38. Kf3 Nc2 $19 {[%csl Rd4]}) 0-1

[Event "RUS-ch 56th"]
[Site "Krasnoyarsk"]
[Date "2003.09.11"]
[Round "8"]
[White "Dvoirys, Semen I"]
[Black "Malakhov, Vladimir"]
[Result "1/2-1/2"]
[WhiteElo "2555"]
[BlackElo "2696"]
[Annotator "Postny,E"]
[PlyCount "104"]
[EventDate "2003.09.03"]
[EventType "swiss"]
[EventRounds "9"]
[EventCountry "RUS"]
[SourceTitle "CBM 098"]
[Source "ChessBase"]
[SourceDate "2004.02.03"]
[SourceVersion "1"]
[SourceVersionDate "2004.02.03"]
[SourceQuality "1"]

1. e4 c5 2. Nf3 Nc6 3. d4 cxd4 4. Nxd4 g6 5. c4 Nf6 6. Nc3 d6 7. Be2 Nxd4 8.
Qxd4 Bg7 9. Be3 O-O 10. Qd2 Be6 11. O-O Qa5 12. b3 (12. Rac1) ({or} 12. Rab1 {
is probably more flexible.}) 12... a6 13. f3 Rfc8 14. a4 {Dvoirys decided to
prevent black's possible b7-b5 thrust.} (14. Rac1 b5 15. Nd5 Qxd2 16. Bxd2 Nxd5
17. cxd5 Bd4+ 18. Kh1 Bd7 $11 {Gurevich,M-Van der Weide,K/Bundesliga 1998})
14... Nd7 15. Rfc1 $146 (15. Bd4 Bxd4+ 16. Qxd4 Qb4 (16... Qc5 $5) 17. Rab1 Nc5
18. Qe3 Nd7 19. Kh1 Nf6 20. f4 Qc5 21. Qg3 $14 {1-0 Kosteniuk,A-Milman,L/
Philadelphia 2003 (33)}) (15. Rac1 Nc5 16. Qc2 Qb4 17. Bd1 f5 18. Nd5 Bxd5 19.
exd5 Qb6 (19... b5 $142) 20. Re1 $14 {1-0 Anisimov,P-Delorme,L/Artek 2000/CBM
78 ext (28)}) 15... Qb4 16. Qc2 $6 {This is not the best place for the queen.}
(16. Rab1 $142) 16... f5 $1 {Typical strike against white's solid pawncentre.}
17. Rab1 Qxc3 (17... Nf6 $6 18. Qd1 fxe4 19. fxe4 $13 {[%cal Gc3d5]}) 18. Qxc3
Bxc3 19. Rxc3 fxe4 20. fxe4 b5 {White's pawnstructure is under pressure.} 21.
Bg5 (21. axb5 axb5 22. Rbc1 b4 $15) 21... bxc4 22. bxc4 Kf7 23. Rb7 Rc5 $1 {
The best place for black's rook. From the 5th rank it can attack white's
numerous pawn weaknesses.} 24. h4 Ke8 25. Bf3 Rac8 26. Ra7 Ra5 (26... Bxc4 $2
27. Bg4 R8c7 28. Ra8+ Kf7 29. Rf3+ Kg7 30. Bxe7 $36) {[%tqu "En","Try to find
the best continuation for white.","","","e4e5","This is the least of the evils
for white. Since he is losing the pawn anyway, Dvoirys is opening the
diagonals for the light-squared bishop.",15]} 27. e5 $1 {[%mdl 256] This is
the least of the evils for white. Since he is losing the pawn anyway, Dvoirys
is opening the diagonals for the light-squared bishop.} Rxe5 28. Rxa6 Rxc4 29.
Rxc4 Bxc4 30. Ra7 Nc5 31. a5 {White reasonable compensation for the pawn,
thanks to his active pieces.} Kf7 32. Kh2 d5 33. Rc7 Nd3 34. Ra7 Nb4 35. Rb7
Na6 (35... Nc6 $2 36. a6 $1 Bxa6 37. Rb6 {[%csl Ra6,Rc6] and black is losing a
piece.}) 36. Rd7 Ke8 37. Ra7 Nc5 ({The advance of the "d" pawn gives nothing
to black as well:} 37... d4 38. Kg3 d3 39. Bd2) 38. Rc7 Ne4 39. Bf4 Re6 40. Be3
h5 41. Bf4 {Black can not achieve real progress. The position is balanced.} Nf6
42. Rb7 Nd7 43. Bd1 $1 {[%cal Gd1a4]} Nc5 44. Rc7 Na6 45. Ba4+ Kf7 46. Rc8 Re2
47. Bg5 Bd3 48. Ra8 Nc5 (48... Ra2 49. Be8+ Ke6 50. Bxg6 Nc7 51. Rg8 Bxg6 52.
Rxg6+ Kf7 53. Rh6 {and white can start think even about a win...}) 49. Be8+ Kg7
50. Ra7 Kf8 51. Ra8 Kg7 52. Ra7 Kf8 1/2-1/2